UBT Library

Microsoft Office Word 2007 : (Record no. 900)

000 -LEADER
fixed length control field 00454nam a22001457a 4500
008 - FIXED-LENGTH DATA ELEMENTS--GENERAL INFORMATION
fixed length control field 150526b xxu||||| |||| 00| 0 eng d
080 ## - UNIVERSAL DECIMAL CLASSIFICATION NUMBER
Edition identifier 343.983
082 00 - DEWEY DECIMAL CLASSIFICATION NUMBER
Edition number 343.983
100 ## - Rafti
Rafti Hinkle, Deborah
245 ## - TITLE STATEMENT
Title Microsoft Office Word 2007 :
Statement of responsibility, etc Deborah Hinkle.
260 ## -
-- Boston :
-- McGraw-Hill,
-- c2008.
300 ## -
-- 847 f.
-- me il.;
-- 28 cm
856 41 -
-- http://www.loc.gov/catdir/toc/ecip0714/2007012662.html
942 ## - ADDED ENTRY ELEMENTS (KOHA)
Source of classification or shelving scheme
Item type Books
Holdings
Withdrawn status Lost status Source of classification or shelving scheme Damaged status Not for loan Collection code Permanent location Current location Shelving location Date acquired Total Checkouts Full call number Date last seen Price effective from Koha item type
          Koleksioni i përgjithshem UBT - Lipjan UBT - Lipjan Koleksioni i përgjithshem 05/26/2015   343.983 HIN 05/26/2015 05/26/2015 Books
UBT Library © 2015-2024. All rights reserved University Education for Business and Technology